000 00606cam a22002053a 4500
001 35278
003 PGUSA
005 20140828083747.0
008 110214s2011||||xxu|||||s|||||000 | eng d
040 _aPGUSA
_beng
042 _adc
100 1 _aRobinson, F. W.
_q(Frederick William),
_d1830-1901
245 1 0 _aMattie :
_b—A Stray (Vol 3 of 3)
_h[electronic resource] /
_cF. W. Robinson
260 _bProject Gutenberg,
_c2011
506 _aPublic domain in the USA.
516 _aElectronic text
830 0 _aProject Gutenberg
_v35278
856 4 0 _uhttp://www.gutenberg.org/ebooks/35278
942 _cEB
999 _c264533
_d264533